Le origini culturali del Terzo Reich /

Come è stato possibile che, nel cuore della vecchia Europa, persone \"perbene\", intelligenti e istruite abbiano aderito in massa alla causa del nazismo, abbracciandone i valori? Molti vedono nell'ideologia nazionalsocialista il prodotto di poche menti squilibrate, o una mera costruzione propagandis...

Fuld beskrivelse

Saved in:
Bibliografiske detaljer
Hovedforfatter: Mosse, George L. (Author)
Andre forfattere: Saba Sardi, Francesco (Translator)
Format: Bog
Sprog:italiensk
Udgivet: Milano : Il saggiatore, 2015
Serier:La cultura ; 898
Fag:
Tags: Tilføj Tag
Ingen Tags, Vær først til at tagge denne postø!

MARC

LEADER 00000nam a22000007i 4500
001 IT\ICCU\LO1\1560144
003 ItRI
005 20260115232102.0
008 150216s2015 it |||||| ||||| |||||c
020 |a 9788842820710 
040 |b ita  |c importazione bologna sebina 
041 7 |a ita  |2 ISO-639-2 
082 |a 943  |9 STORIA DELL'EUROPA CENTRALE  |2 12 
100 1 |a Mosse, George L.  |0 IT\ICCU\CFIV\003043  |4 aut 
240 1 4 |a The crisis of German ideology.  |3 IT\ICCU\CFI\0030029  |9 Mosse, George L. 
245 1 3 |a Le origini culturali del Terzo Reich /  |c George L. Mosse ; traduzione di Francesco Saba Sardi. 
260 |a Milano :  |b Il saggiatore,  |c 2015 
300 |a 455 p. ;  |c 22 cm. 
520 |a Come è stato possibile che, nel cuore della vecchia Europa, persone \"perbene\", intelligenti e istruite abbiano aderito in massa alla causa del nazismo, abbracciandone i valori? Molti vedono nell'ideologia nazionalsocialista il prodotto di poche menti squilibrate, o una mera costruzione propagandistica per conquistare il consenso popolare. Ma l'ascesa di Hitler non fu un incidente della storia. Il Saggiatore ripropone al lettore italiano \"Le origini culturali del Terzo Reich\" il primo saggio ad aver esaminato il nazismo come sistema di pensiero capace di comporre - attraverso il collante dell'antisemitismo - convinzioni e ideali che da tempo circolavano nella società tedesca: il misticismo naturalistico del Volk, l'irrazionalismo neoromantico, l'ossessiva riscoperta di un passato mitologico, il rifiuto del governo rappresentativo e dell'urbanizzazione, il razzismo. Un'ideologia \"nazional-patriottica\" che si era accesa nelle circostanze dettate dalla travagliata unificazione tedesca e dall'impatto della rivoluzione industriale su una società prevalentemente agricola, e che divampò in seguito al diktat del trattato di Versailles e all'enorme instabilità della Repubblica di Weimar. Il nazismo fu la tragica risposta a una crisi del pensiero e della politica che in Germania imperversava da decenni. 
650 7 |a Germania  |x Cultura  |x 1870-1930  |2 scbi 
650 7 |a Nazionalsocialismo 
700 1 |a Saba Sardi, Francesco  |0 IT\ICCU\CFIV\008075  |4 trl 
790 1 |a Mosse, George Lachmann  |3 IT\ICCU\MILV\184333  |z Mosse, George L. 
830 3 |a La cultura ;  |v 898  |0 IT\ICCU\CFI\0001384 
942 |2 ddc  |c BK  |n 0 
952 |0 0  |1 0  |4 0  |6 DOC_943_086000000000000_MOS  |7 0  |9 19786  |a BO  |b BO  |d 2026-01-15  |i 19744  |l 0  |o DOC 943.086 MOS  |p BO19744  |r 2026-01-15 23:21:02  |w 2026-01-15  |x [Sebina 5] [1 v.]  |y BK  |z 1 v. 
999 |c 16867  |d 16867